Largest Cities on the Island of Ireland - Statistics

General Stats
  • This quiz has been taken 34 times
  • The average score is 7 of 10
Answer Stats
Hint Answer % Correct
3 Cork
100%
1 Dublin
100%
6 Galway
93%
2 Belfast
90%
5 Derry/Londonderry
90%
4 Limerick
83%
9 Waterford
76%
8 Bangor
48%
10 Lisburn
31%
7 Newtownabbey
17%
No matching quizzes found
Score Distribution
Percent of People with Each Score
Percentile by Number Answered
Your Score History
You have not taken this quiz